| 000 | 01445nkm a2200277 i 4500 | ||
|---|---|---|---|
| 001 | 4398 | ||
| 003 | ES-MaACL | ||
| 005 | 20250713063032.0 | ||
| 007 | khrbo | ||
| 008 | 070711s1988 sp --- g |001||spa d | ||
| 100 | 0 |
_aAlfonso, _d1902-1990 _919858 |
|
| 245 | 1 | 0 |
_aApertura oficial de las jornadas "Chile vive y crea" [ _hFotografía] / _cAlfonso (sello). |
| 260 |
_a[S.l. : _bs.n.], _c1988. |
||
| 300 |
_a23 fot. : _bb. y n. ; _c12 x 18 cm. |
||
| 490 | 1 | _aChile vive y crea | |
| 500 | _aDatos basados en invitación. | ||
| 511 | 0 | _aIntervienen: Presidente del Ateneo (José Prat), Presidente del Comité Español, Presidente del I.C.I. (Luis Yáñez Barnuevo), Presidente de la Sección Iberoamericana (José Luis Abellán), Presidente de la Comunidad de Madrid y Alcalde de Madrid (Juan Barranco) | |
| 518 | _aActo organizado por la Sección Iberoamericana del Ateneo de Madrid, celebrado en el salón de de la cacharrería el martes, 12 de julio de 1988, a las 20:00 h. | ||
| 610 | 2 | 4 |
_aAteneo de Madrid- _xActos culturales- _y1988- _vFotografías. _91903 |
| 710 | 2 |
_aAteneo de Madrid. _bSección Iberoamericana. _92012 |
|
| 830 | 0 |
_aChile vive y crea _9177045 |
|
| 852 |
_aES-MaACL _jFOT 212/1988 |
||
| 856 | 4 |
_uhttp://www.ateneodemadrid.net/biblioteca_digital/imagenes/1988/0212_01-1988.jpg _zVer imagen |
|
| 856 | 4 |
_uhttp://www.ateneodemadrid.net/biblioteca_digital/imagenes/1988/0212_02-1988.jpg _zVer imagen |
|
| 999 |
_c4398 _d4398 |
||